000 00832cam a2200253 a 4500
999 _c3530
_d3530
003 AKMAL
005 20170523104411.0
008 170523s1982 ny a 001 0 eng d
020 _a0442236093
040 _aAKMAL
082 0 4 _a658.787 HOH
090 0 0 _a658.787
_bHOH
100 1 _aHohenstein, C. Louis
_q(Charles Louis),
_d1930-
_97046
245 1 0 _aPractical stock and inventory techniques that cut costs and improve profits /
_cC. Louis Hohenstein.
260 _aNew York :
_bV.N. Reinhold Co.,
_cc1982.
300 0 0 _avii, 194 p. :
_bill. ;
_c24 cm.
650 0 _aInventory control
_96372
942 _2ddc
_cBOOK